000 01014nam a2200277Ia 4500
003 OSt
005 20221005110441.0
006 a|||||r|||| 00| 0
007 ta
008 221004b |||||||| |||| 00| 0 hin d
020 _a9788179171660 (hbk)
_cINR 550.00
024 _a37899
037 _b63, 13/03/2018, P. K. Books
_cTextual
040 _aCRL
_cCRL
_bhin
041 _2hin
_ahin
082 _aY0aF, 152Q6
100 _aफ्रैकलिन, उर्सुला, ले.
_9158876
245 0 _aप्रौद्योगिकी और समाज
246 _aPraudyogikī aur samāja
260 _aनई दिल्ली
_bग्रंथ शिल्पी भारत
_c2016
300 _a188पृ0
_ccm.
650 _a समाजशास्त्र
650 _aप्रौद्योगिकि
942 _hY0aF, 152Q6
_cTEXL
_2cc
999 _c1018860
_d1018860